| 000 | 00994nac a22002657a 4500 | ||
|---|---|---|---|
| 001 | BR7701147 | ||
| 003 | BR-BrBNA | ||
| 005 | 20240105114027.0 | ||
| 008 | 230509b bl.|||m| |||| 00| 0 por d | ||
| 040 |
_aBR-BrBNA _bpor _cBiblioteca Nacional de Agricultura |
||
| 072 | _aH60 | ||
| 090 | _a0336 BR7701147 | ||
| 100 | 1 | _aRamos, M. | |
| 110 | 1 |
_aUnidade de Execucao de Pesquisa de Ambito Estadual de Ponta Grossa, PR (Brasil) _910372 |
|
| 245 | 1 | _aEfeito de derivados do acido propionico no controle do papua (Brachiaria plantaginea)em pos-emergencia, na cultura da soja. Mistura e associacao ao bentazon [Glycine max] | |
| 260 | 3 |
_aCuritiba, PR (Brasil): _cDec 1976. |
|
| 300 | _a4 p. | ||
| 490 |
_aComunicado Tecnico - Unidade de Execucao de Pesquisa de Ambito Estadual de Ponta Grossa (Brazil) _vno. 2 _x |
||
| 500 | _a2 tables; 5 ref. | ||
| 650 | _aERVA DANINHA | ||
| 650 | _aSOJA | ||
| 650 | _aPAPUA | ||
| 909 |
_a202312 _bLúcia Elande _c55 _dLúcia Elande |
||
| 942 |
_2AGRIS _n0 _cMS |
||
| 999 |
_c266973 _d266973 |
||